000 00695nam a22002297a 4500
003 UA-OsUOA
001 51650
007 ta
008 20140917b un ||||| |||| 00| 0 ukr d
090 _a082
_bМ62
942 _cBK
040 _aUA-OsUOA
_bukr
_cUA-OsUOA
_dUA-OsUOA
245 _aМинуле і сучасне Північної Буковини
_bВипуск 1
300 _a143 с.
955 _a1
041 _aukr
080 _a082
260 _aК.
_bНаукова думка
_c1972
650 7 _a08 Видання. Колективні праці
_2UDC
999 _c431776
_d431776